[Event "Mersin op 7th"]
[Site "Mersin"]
[Date "2023.11.17"]
[Round "8"]
[White "Hasanov, Rashad"]
[Black "Ererdem, Gani Eren"]
[Result "1/2-1/2"]
[WhiteElo "2084"]
[BlackElo "2040"]
[PlyCount "28"]
[EventDate "2023.11.12"]
[EventType "swiss"]
[EventRounds "9"]
[EventCountry "TUR"]
[SourceTitle "CB47_2023"]
[SourceDate "2023.11.22"]
[SourceVersion "1"]
[SourceVersionDate "2023.11.22"]
[SourceQuality "1"]

1. e4 e5 2. Nf3 Nc6 3. Bb5 a6 4. Ba4 Nf6 5. 0-0 Be7 6. d4 exd4 7. e5 Ne4 8. Nxd4 0-0 9. Nf5 d5 10. exd6 Bxf5 11. dxe7 Nxe7 12. Nc3 Nxc3 13. bxc3 b5 14. Bb3 c5 1/2-1/2

[Event "Mersin op 7th"]
[Site "Mersin"]
[Date "2023.11.13"]
[Round "3"]
[White "Rasulov, Vugar Ural Oglu"]
[Black "Ererdem, Gani Eren"]
[Result "1-0"]
[WhiteElo "2544"]
[BlackElo "2040"]
[PlyCount "69"]
[EventDate "2023.11.12"]
[EventType "swiss"]
[EventRounds "9"]
[EventCountry "TUR"]
[SourceTitle "CB47_2023"]
[SourceDate "2023.11.22"]
[SourceVersion "1"]
[SourceVersionDate "2023.11.22"]
[SourceQuality "1"]

1. e4 g6 2. d4 Bg7 3. Nf3 c6 4. h3 d5 5. e5 f6 6. Bd3 Nh6 7. 0-0 0-0 8. Re1 fxe5 9. dxe5 c5 10. c4 d4 11. Nbd2 Nc6 12. Ne4 Nf7 13. e6 Bxe6 14. Nxc5 Bc8 15. Be4 Qd6 16. Nd3 e5 17. c5 Qc7 18. b4 a6 19. Qb3 Kh8 20. Bd2 Bf5 21. a4 Bf6 22. Bxf5 gxf5 23. Qe6 Bg7 24. Qxf5 Ne7 25. Qe4 Ng6 26. h4 Rae8 27. b5 Qd7 28. c6 bxc6 29. bxc6 Qe6 30. Bb4 Nd6 31. Bxd6 Qxd6 32. Rac1 Bh6 33. Rc2 Re7 34. g3 Rc8 35. h5 1-0

[Event "TUR Cup"]
[Site "Adapazari"]
[Date "2022.03.28"]
[Round "6"]
[White "Melik, Enes"]
[Black "Ererdem, Gani Eren"]
[Result "0-1"]
[WhiteElo "1592"]
[BlackElo "2134"]
[PlyCount "108"]
[EventDate "2022.03.25"]
[EventType "swiss"]
[EventRounds "11"]
[EventCountry "TUR"]
[SourceTitle "EXT 2023"]
[Source "ChessBase"]
[SourceDate "2022.10.05"]
[SourceVersion "1"]
[SourceVersionDate "2022.10.05"]
[SourceQuality "1"]

1. f4 d5 2. b3 Bg4 3. g3 Nc6 4. Bg2 e5 5. fxe5 Nxe5 6. Bb2 Qe7 7. d4 Ng6 8. Nc3 Nf6 9. Qd3 Qd7 10. 0-0-0 0-0-0 11. Bf3 Bb4 12. a3 Bxc3 13. Qxc3 Rhe8 14. h3 Bf5 15. g4 Be4 16. Rh2 Re6 17. Qd2 Rc6 18. c3 Rb6 19. b4 Qd6 20. Rf2 h6 21. Rdf1 Re8 22. g5 hxg5 23. Qxg5 Bxf3 24. exf3 Nf4 25. Kc2 N6h5 26. Bc1 Qg6+ 27. Qxg6 Rxg6 28. Bxf4 Nxf4 29. Kd2 Rxg1 30. Rxg1 Nxh3 31. Rfg2 Nxg1 32. Rxg1 g6 33. Rh1 Kd7 34. Kd3 Ke7 35. Ke3 Kf6+ 36. Kf2 Kf5 37. a4 a6 38. Rh2 g5 39. Rh7 Kg6 40. Rh1 Re6 41. Rc1 Rc6 42. a5 Kf5 43. Kg3 Re6 44. Kf2 Kf4 45. c4 Rc6 46. c5 Re6 47. Rc3 c6 48. Rd3 f5 49. Rb3 g4 50. Rd3 g3+ 51. Kg2 Re2+ 52. Kg1 Re3 53. Rd1 Kxf3 54. Rf1+ Kg4 0-1

[Event "Istanbul Redbull Masters"]
[Site "Istanbul"]
[Date "2019.11.24"]
[Round "5.9"]
[White "Ererdem, Gani Eren"]
[Black "Kilic, Ihsan"]
[Result "1-0"]
[WhiteElo "2105"]
[BlackElo "1941"]
[PlyCount "51"]
[EventDate "2019.11.23"]
[EventType "k.o."]
[EventRounds "8"]
[EventCountry "TUR"]
[SourceTitle "CBM 193 Extra"]
[Source "ChessBase"]
[SourceDate "2020.01.31"]
[SourceVersion "1"]
[SourceVersionDate "2020.01.31"]
[SourceQuality "1"]

1. d4 d5 2. c4 e6 3. Nf3 Nf6 4. g3 Be7 5. Bg2 0-0 6. 0-0 Nbd7 7. Nc3 a6 8. cxd5 exd5 9. Qb3 c6 10. a4 Bd6 11. Nd2 Re8 12. e4 dxe4 13. Ndxe4 Bc7 14. Ng5 Re7 15. Bd2 Nb6 16. Rad1 h6 17. Nge4 Nxe4 18. Bxe4 Be6 19. Qc2 Nd5 20. Rfe1 Qd7 21. Qc1 Nf6 22. Bxh6 Nxe4 23. Nxe4 f5 24. Nc5 Qc8 25. Qg5 Kf8 26. Nxe6+ 1-0

[Event "TUR Cup"]
[Site "Antalya"]
[Date "2019.01.27"]
[Round "1"]
[White "Aydogdu, Selcan Ayberk"]
[Black "Ererdem, Gani Eren"]
[Result "0-1"]
[WhiteElo "1631"]
[BlackElo "2137"]
[PlyCount "88"]
[EventDate "2019.01.27"]
[EventType "swiss"]
[EventRounds "11"]
[EventCountry "TUR"]
[SourceTitle "CBM 188 Extra"]
[Source "ChessBase"]
[SourceDate "2019.02.26"]
[SourceVersion "1"]
[SourceVersionDate "2019.02.26"]
[SourceQuality "1"]

1. d4 Nf6 2. Nf3 e6 3. Bf4 c5 4. e3 Nc6 5. c3 d5 6. Nbd2 Bd6 7. Bg3 0-0 8. Bd3 b6 9. Ne5 Bb7 10. 0-0 Ne7 11. Qf3 Qc7 12. Rac1 Rad8 13. Qe2 Ne4 14. Bxe4 dxe4 15. Ndc4 Ba6 16. Qc2 f6 17. Nxd6 Rxd6 18. Ng4 Bxf1 19. Rxf1 h5 20. Bxd6 Qxd6 21. Qxe4 hxg4 22. Qxg4 Rd8 23. h4 Qd5 24. b3 Qf5 25. Qg3 e5 26. Re1 cxd4 27. cxd4 exd4 28. exd4 Nd5 29. b4 Kf7 30. Qa3 Rd7 31. Qa6 Rc7 32. Qb5 Qd7 33. Qd3 Qd6 34. Qh7 Nf4 35. g3 Ng6 36. h5 Nf8 37. Qf5 Re7 38. Rc1 Qxd4 39. h6 gxh6 40. Qh5+ Kg7 41. Rc8 Re1+ 42. Kh2 Qxf2+ 43. Kh3 Rh1+ 44. Kg4 Qe2+ 0-1

[Event "TUR-chT"]
[Site "Ankara"]
[Date "2018.08.02"]
[Round "9.6"]
[White "Ererdem, Gani Eren"]
[Black "Dastan, Batuhan Muhammed"]
[Result "0-1"]
[WhiteElo "2157"]
[BlackElo "2552"]
[PlyCount "86"]
[EventDate "2018.07.25"]
[EventType "team-tourn"]
[EventRounds "13"]
[EventCountry "TUR"]
[SourceTitle "CBM 185 Extra"]
[Source "ChessBase"]
[SourceDate "2018.07.29"]
[SourceVersion "1"]
[SourceVersionDate "2018.07.29"]
[SourceQuality "1"]
[WhiteTeam "Karaman Belediye"]
[BlackTeam "Turk Hava Yollari"]
[WhiteTeamCountry "TUR"]
[BlackTeamCountry "TUR"]

1. d4 f5 2. c4 Nf6 3. Nf3 g6 4. g3 Bg7 5. Bg2 0-0 6. 0-0 d6 7. Nc3 c6 8. Rb1 Qe8 9. b3 e5 10. dxe5 dxe5 11. Ba3 Rf7 12. e4 f4 13. gxf4 Nh5 14. Ne2 Nxf4 15. Nxf4 Rxf4 16. h3 Nd7 17. Qd2 Nf8 18. Rbd1 Bxh3 19. Bxh3 Rxf3 20. Bxf8 Bxf8 21. Kg2 Rf7 22. b4 a5 23. a3 axb4 24. axb4 Qe7 25. c5 Rf4 26. Qe3 Qh4 27. Rd7 Rg4+ 28. Kh2 Bh6 29. Qf3 Rf4 30. Qg3 Qf6 31. Kg2 Rf8 32. Rxb7 Rf3 33. Qg4 Rxf2+ 34. Rxf2 Qxf2+ 35. Kh1 Qe1+ 36. Qg1 Qxe4+ 37. Bg2 Qe2 38. Qh2 Qe1+ 39. Qg1 Qh4+ 40. Qh2 Qe1+ 41. Qg1 Qd2 42. Qb1 Kh8 43. Qa1 Qe2 0-1

[Event "TUR-chT"]
[Site "Ankara"]
[Date "2018.07.25"]
[Round "1.2"]
[White "Ererdem, Gani Eren"]
[Black "Gok, Fatih"]
[Result "0-1"]
[WhiteElo "2157"]
[BlackElo "1952"]
[PlyCount "110"]
[EventDate "2018.07.25"]
[EventType "team-tourn"]
[EventRounds "13"]
[EventCountry "TUR"]
[SourceTitle "CBM 185 Extra"]
[Source "ChessBase"]
[SourceDate "2018.07.29"]
[SourceVersion "1"]
[SourceVersionDate "2018.07.29"]
[SourceQuality "1"]
[WhiteTeam "Karaman Belediye"]
[BlackTeam "Genc Akademisyenler"]
[WhiteTeamCountry "TUR"]
[BlackTeamCountry "TUR"]

1. d4 Nf6 2. Nf3 e6 3. c4 c5 4. e3 cxd4 5. exd4 d5 6. Nc3 Be7 7. cxd5 exd5 8. h3 Nc6 9. Bd3 0-0 10. 0-0 Re8 11. Re1 Be6 12. a3 Rc8 13. Bc2 Bf8 14. Bg5 g6 15. Ne5 Bg7 16. Nxc6 bxc6 17. Na4 h6 18. Bf4 Nd7 19. Qd2 Qh4 20. Rad1 Kh7 21. Bg3 Qd8 22. Nc3 Qb6 23. Ne2 Nf6 24. Be5 Bd7 25. Nf4 Kg8 26. b4 Ra8 27. Kh1 a5 28. f3 axb4 29. axb4 Nh7 30. Bxg7 Kxg7 31. Qc3 Rab8 32. Rxe8 Bxe8 33. Nd3 Ng5 34. Rb1 Bd7 35. Nc5 Bc8 36. Qd2 Ne6 37. Qe3 Qc7 38. Bd3 Qg3 39. Nxe6+ Bxe6 40. Qe5+ Qxe5 41. dxe5 f6 42. Rc1 Rb6 43. exf6+ Kxf6 44. Rc5 Bf5 45. Be2 Ke5 46. b5 cxb5 47. Rxb5 Rxb5 48. Bxb5 Kf4 49. Kg1 Ke3 50. g4 Bc2 51. Kg2 g5 52. Kg3 d4 53. h4 d3 54. Bxd3 Bxd3 55. hxg5 hxg5 0-1

[Event "Mersin op 2nd"]
[Site "Mersin"]
[Date "2017.10.26"]
[Round "7"]
[White "Ererdem, Gani Eren"]
[Black "Gunduz, Umut Erdem"]
[Result "1-0"]
[WhiteElo "2136"]
[BlackElo "2130"]
[PlyCount "89"]
[EventDate "2017.10.22"]
[EventType "swiss"]
[EventRounds "9"]
[EventCountry "TUR"]
[SourceTitle "CBM 181 Extra"]
[Source "ChessBase"]
[SourceDate "2017.12.12"]
[SourceVersion "1"]
[SourceVersionDate "2017.12.12"]
[SourceQuality "1"]

1. Nf3 Nf6 2. g3 b5 3. Bg2 Bb7 4. Na3 a6 5. c4 e6 6. b3 b4 7. Nc2 c5 8. 0-0 Be7 9. a3 a5 10. Bb2 Na6 11. axb4 axb4 12. Ne5 Bxg2 13. Kxg2 Qc8 14. d4 cxd4 15. Nxd4 0-0 16. Kg1 Nc5 17. Qc2 Qb7 18. Nd3 Nfe4 19. f3 Nxd3 20. exd3 Nc3 21. Kg2 Rxa1 22. Rxa1 Ra8 23. Bxc3 bxc3 24. Rxa8+ Qxa8 25. Ne2 Bb4 26. Nxc3 Qa1 27. Ne2 Bc5 28. Qd2 Qa3 29. d4 Bb4 30. Qc2 h5 31. Qb1 h4 32. gxh4 Be7 33. Ng3 Bxh4 34. b4 Bd8 35. b5 Qd6 36. Qb2 e5 37. dxe5 Qb6 38. Qd2 Qc7 39. Qd5 Qa7 40. c5 Qa1 41. Qxd7 Qb2+ 42. Kh3 Bg5 43. Qc8+ Kh7 44. Qf5+ Kh6 45. f4 1-0

[Event "Mersin op 2nd"]
[Site "Mersin"]
[Date "2017.10.25"]
[Round "6"]
[White "Annaberdiev, Meilis"]
[Black "Ererdem, Gani Eren"]
[Result "1-0"]
[WhiteElo "2502"]
[BlackElo "2136"]
[PlyCount "115"]
[EventDate "2017.10.22"]
[EventType "swiss"]
[EventRounds "9"]
[EventCountry "TUR"]
[SourceTitle "CBM 181 Extra"]
[Source "ChessBase"]
[SourceDate "2017.12.12"]
[SourceVersion "1"]
[SourceVersionDate "2017.12.12"]
[SourceQuality "1"]

1. Nf3 Nf6 2. g3 d5 3. Bg2 e6 4. 0-0 Be7 5. d3 0-0 6. Nbd2 c5 7. e4 Nc6 8. Re1 b5 9. exd5 Nxd5 10. a4 b4 11. Nb3 Bb7 12. h4 Qc7 13. Bg5 Bd6 14. Qc1 Nce7 15. Bxe7 Bxe7 16. Nbd2 Bf6 17. Nc4 Rad8 18. Nfe5 Ne7 19. Bxb7 Qxb7 20. Ng4 Nd5 21. Qd1 Bd4 22. Qf3 Qc7 23. a5 a6 24. Re2 Ne7 25. Rc1 h5 26. Nge3 g6 27. g4 hxg4 28. Nxg4 Nf5 29. c3 Bg7 30. h5 Rd5 31. hxg6 Nh4 32. gxf7+ Rxf7 33. Qg3 Qf4 34. Nce3 Nf3+ 35. Kg2 Qxg3+ 36. fxg3 Rxd3 37. Nc4 bxc3 38. bxc3 Kh7 39. Rxe6 Rxc3 40. Rxc3 Bxc3 41. Rxa6 Ne1+ 42. Kh3 Rf1 43. Nge3 Rh1+ 44. Kg4 Nd3 45. Rd6 Ne5+ 46. Nxe5 Bxe5 47. Rd7+ Kg6 48. Nc4 Bxg3 49. Kxg3 Rc1 50. Ne5+ Kf5 51. Nc6 Ke6 52. Rd8 Ra1 53. Kf4 Ra4+ 54. Ke3 Ra3+ 55. Kd2 c4 56. Kc2 Ra2+ 57. Kc3 Ra4 58. Rd2 1-0

[Event "EU-Cup 33rd"]
[Site "Antalya"]
[Date "2017.10.13"]
[Round "6.2"]
[White "Christiansen, Johan Sebastian"]
[Black "Ererdem, Gani Eren"]
[Result "1-0"]
[WhiteElo "2462"]
[BlackElo "2136"]
[PlyCount "43"]
[EventDate "2017.10.08"]
[EventType "team-swiss"]
[EventRounds "7"]
[EventCountry "TUR"]
[SourceTitle "CBM 181"]
[Source "ChessBase"]
[SourceDate "2017.11.10"]
[SourceVersion "1"]
[SourceVersionDate "2017.11.10"]
[SourceQuality "1"]
[WhiteTeam "Valerenga"]
[BlackTeam "Karaman Belediye"]
[WhiteTeamCountry "NOR"]
[BlackTeamCountry "TUR"]

1. c4 Nf6 2. g3 c6 3. Bg2 d5 4. Nf3 dxc4 5. 0-0 Nbd7 6. Qc2 Nb6 7. Na3 Be6 8. Ng5 Bg4 9. Nxc4 Bxe2 10. Ne5 Bh5 11. Re1 e6 12. Bf3 Bxf3 13. Nexf7 Qd5 14. Re5 Qc4 15. Rxe6+ Qxe6 16. Nxe6 Bd5 17. Nfg5 Rc8 18. d4 g6 19. Bf4 Kd7 20. Nc5+ Bxc5 21. dxc5 Na8 22. Qc3 1-0

[Event "TUR-chT"]
[Site "Kocaeli"]
[Date "2017.07.30"]
[Round "6.1"]
[White "Samani, Yamac"]
[Black "Ererdem, Gani Eren"]
[Result "1-0"]
[WhiteElo "2263"]
[BlackElo "2090"]
[PlyCount "43"]
[EventDate "2017.07.26"]
[EventType "team-tourn"]
[EventRounds "13"]
[EventCountry "TUR"]
[SourceTitle "CBM 179 Extra"]
[Source "ChessBase"]
[SourceDate "2017.08.23"]
[SourceVersion "1"]
[SourceVersionDate "2017.08.23"]
[SourceQuality "1"]
[WhiteTeam "Izmir Tas Duvar"]
[BlackTeam "Karaman Belediye"]
[WhiteTeamCountry "TUR"]
[BlackTeamCountry "TUN"]

1. e4 e5 2. Nf3 Nc6 3. Bb5 a6 4. Ba4 Nf6 5. 0-0 Be7 6. Re1 b5 7. Bb3 d6 8. a4 Bg4 9. c3 0-0 10. h3 Bh5 11. d3 Nd7 12. Bd5 Na7 13. Bxa8 Qxa8 14. axb5 Nxb5 15. Nbd2 Nc5 16. g4 Bg6 17. Nf1 Rd8 18. c4 Nd4 19. Nxd4 exd4 20. b4 Nd7 21. f4 f6 22. Qa4 1-0

[Event "TUR-chT"]
[Site "Kocaeli"]
[Date "2017.07.28"]
[Round "3.1"]
[White "Ererdem, Gani Eren"]
[Black "Arat, Ufuk Sezen"]
[Result "1-0"]
[WhiteElo "2090"]
[BlackElo "2400"]
[PlyCount "101"]
[EventDate "2017.07.26"]
[EventType "team-tourn"]
[EventRounds "13"]
[EventCountry "TUR"]
[SourceTitle "CBM 179 Extra"]
[Source "ChessBase"]
[SourceDate "2017.08.23"]
[SourceVersion "1"]
[SourceVersionDate "2017.08.23"]
[SourceQuality "1"]
[WhiteTeam "Karaman Belediye"]
[BlackTeam "Hatay Buyuksehir"]
[WhiteTeamCountry "TUN"]
[BlackTeamCountry "TUR"]

1. d4 Nf6 2. Nf3 e6 3. c4 Bb4+ 4. Bd2 a5 5. g3 d6 6. Bg2 Bxd2+ 7. Qxd2 Nbd7 8. 0-0 0-0 9. Nc3 e5 10. Rfd1 Qe7 11. Qc2 c6 12. d5 c5 13. e4 Nb6 14. b3 a4 15. Rab1 axb3 16. axb3 Bg4 17. Rf1 Nfd7 18. Ne1 Nb8 19. f4 exf4 20. gxf4 f5 21. h3 Bh5 22. exf5 Qe3+ 23. Kh1 Na6 24. Ne4 Nb4 25. Qf2 Qxf2 26. Rxf2 Nc8 27. Ng3 Be8 28. Be4 Bd7 29. Ng2 b5 30. Ne3 Ra3 31. Rg2 Rf7 32. Nh5 Kf8 33. Rg3 Nb6 34. cxb5 Bxb5 35. Rbg1 Raa7 36. f6 g6 37. f5 Bd3 38. Bxd3 Nxd3 39. fxg6 hxg6 40. Rxg6 Ke8 41. Rg8+ Kd7 42. R1g7 Ra1+ 43. Kh2 Ne5 44. Rf8 Nf3+ 45. Kg3 Rg1+ 46. Ng2 Ne5 47. Rgxf7+ Nxf7 48. Rxf7+ Kd8 49. Nhf4 Nd7 50. Ne6+ Kc8 51. Rxd7 1-0